Electricidad básica: texto programado

محفوظ في:
التفاصيل البيبلوغرافية
المؤلف الرئيسي: Schure, Alexander (مؤلف)
التنسيق: كتاب
اللغة:الإسبانية
منشور في: Ciudad de México CRAT 1975
Ciudad de México Limusa 1975
الموضوعات:
الوسوم: إضافة وسم
لا توجد وسوم, كن أول من يضع وسما على هذه التسجيلة!

MARC

LEADER 00000nam a2200000 a 4500
001 UCT2006
003 CL-VaPUC
008 961004e19750000mx |||||||||||||||||spa|d
082 0 4 |a 621.31  |b SCH  |2 21 
100 0 |a Schure, Alexander  |e author  |9 371063 
245 1 0 |a Electricidad básica: texto programado 
300 |a 388 p 
942 |c BK 
945 |d 19961004 00:00:00  |a paguirre 
260 |a Ciudad de México  |b CRAT  |c 1975 
260 |a Ciudad de México  |b Limusa  |c 1975 
650 0 |a Electricidad  |9 260222 
650 0 |a Corrientes eléctricas   |9 354960 
650 0 |a Circuitos eléctricos   |9 260262 
650 0 |a Magnetismo  |9 260336 
650 0 |a Electromagnetismo   |9 260123 
650 7 |a GENERADORES ELECTRICOS  |2 CL-VaPUC  |9 371064 
650 0 |a Transformadores  |9 345471 
583 |a last modification  |c 20171006 04:24:03  |k Rodrigo Vera 
999 |c 252306  |d 252304